书目信息 |
| 题名: |
华北文学文献
|
|
| 作者: | 多洛肯 主编 ;甘肃省古籍文献整理编译中心 编 | |
| 分册: | 第十卷 | |
| 出版信息: | 北京 学苑出版社 2012 |
|
| 页数: | 473页 | |
| 开本: | 26cm | |
| 丛书名: | 中国华北文献丛书 | |
| 单 册: | ||
| 中图分类: | I218.2 | |
| 科图分类: | ||
| 主题词: | 古典散文 , 古典诗歌 , 古典文学 , 中国文学 , 古典散文--散文集--中国--清前期 , 古典诗歌--诗集--中国--清前期 , 中国文学--古典文学--作品集--华北地区 | |
| 电子资源: | ||
| ISBN: | 978-7-5077-3935-0 | |
| 000 | 01281nam0 2200385 450 | |
| 000 | 01244nam0 2200373 450 | |
| 000 | 01303nam0 2200373 450 | |
| 001 | 006624546 | |
| 005 | 20150323082727.40 | |
| 010 | @a978-7-5077-3935-0@b精装@dCNY422.88 | |
| 100 | @a20140918e2012 emky0chiy50 ea | |
| 101 | 0 | @achi |
| 102 | @aCN@b110000 | |
| 105 | @ay z 000zy | |
| 106 | @ar | |
| 200 | 1 | @a华北文学文献@9hua bei wen xue wen xian@h第十卷@f甘肃省古籍文献整理编译中心,中国华北文献丛书编辑委员会编 |
| 205 | @a[影印本] | |
| 210 | @a北京@c学苑出版社@d2012 | |
| 215 | @a473页@d26cm | |
| 225 | 1 | @a中国华北文献丛书@h第六辑@f傅璇琮总主编 |
| 300 | @a甘肃省古籍文献整理编译中心重大整理项目 | |
| 461 | 0 | @12001 @a中国华北文献丛书 |
| 606 | 0 | @a古典散文 |
| 606 | 0 | @a古典诗歌 |
| 606 | 0 | @a古典文学 |
| 606 | 0 | @a中国文学 |
| 606 | 0 | @a古典散文@x散文集@y中国@z清前期 |
| 606 | 0 | @a古典诗歌@x诗集@y中国@z清前期 |
| 606 | 0 | @a中国文学@x古典文学@x作品集@y华北地区 |
| 690 | @aI218.2@v5 | |
| 701 | 0 | @c(哈族)@a多洛肯@9duo luo ken@4主编 |
| 712 | 02 | @a甘肃省古籍文献整理编译中心@9gan su sheng gu ji wen xian zheng li bian yi zhong xin@4编 |
| 801 | 0 | @aCN@b91MARC@c20140918 |
| 905 | @b0847626@dI218.2@e14:10@f1 | |
| 华北文学文献.第十卷/甘肃省古籍文献整理编译中心,中国华北文献丛书编辑委员会编.-[影印本].-北京:学苑出版社,2012 |
| 473页;26cm.-(中国华北文献丛书.第六辑/傅璇琮总主编) |
| 甘肃省古籍文献整理编译中心重大整理项目 |
| ISBN 978-7-5077-3935-0(精装):CNY422.88 |
| ● |
| 相关链接 |
|
|
|
|
正题名:华北文学文献
索取号:I218.2/14:10
 
预约/预借
| 序号 | 登录号 | 条形码 | 馆藏地/架位号 | 状态 | 备注 |
| 1 | 0847626 | 208476264 | 地方文献典藏中心/ [索取号:I218.2/14:10] | 在馆 |